What language is this? #2 - Statistics

General Stats
  • This quiz has been taken 68 times
  • The average score is 9 of 15
Answer Stats
Hint Answer % Correct
恐竜は、三畳紀、ジュラ紀、白亜紀を含む中生代に数百万年前から生息していた多様な爬虫類のグループです。巨大な草食恐竜ブラキオサウルスから獰猛な肉食恐竜ティラノサウルス・レックスまで、様々な形や大きさの恐竜が生息していました。恐竜は1億5000万年以上もの間陸上を闊歩していましたが、約6600万年前に巨大な小惑星の衝突により、そのほとんどが絶滅しました。今日では、鳥類が恐竜に最も近い現生の近縁種と考えられています。 Japanese
96%
Ciao e benvenuti alla seconda parte di "Che lingua è questa?". Potreste aver notato che, nell'ultimo quiz, ogni testo forniva informazioni sugli uccelli. Questo quiz seguirà un tema simile, ma questa volta si concentrerà sugli antenati preistorici degli uccelli: i dinosauri! Italian
95%
ไทรันโนซอรัสเร็กซ์เป็นไดโนเสาร์ที่มีพลังและน่ากลัวที่สุดชนิดหนึ่งที่มีมา ด้วยกะโหลกศีรษะขนาดใหญ่ ขากรรไกรที่แข็งแรง และฟันที่แหลมคม ไทรันโนซอรัสเร็กซ์จึงเป็นนักล่าชั้นยอดที่สามารถบดขยี้กระดูกและล่าเหยื่อขนาดใหญ่ได้ แม้จะมีแขนที่เล็ก แต่ก็สามารถยาวได้ถึง 12 เมตรและหนักหลายตัน หลักฐานฟอสซิลบ่งชี้ว่าไทรันโนซอรัสเร็กซ์อาจกินซากสัตว์โดยใช้ประสาทรับกลิ่นอันเฉียบแหลมเพื่อหาอาหาร ปัจจุบัน ไทรันโนซอรัสเร็กซ์ยังคงเป็นไดโนเสาร์ที่เป็นสัญลักษณ์และได้รับการศึกษาอย่างดีที่สุดชนิดหนึ่งในประวัติศาสตร์ Thai
91%
Stegosaurus a fost un dinozaur mare, ierbivor, care a trăit în perioada Jurasicului târziu, acum aproximativ 150 de milioane de ani. Este cel mai bine cunoscut pentru cele două rânduri de plăci osoase mari de-a lungul spatelui și pentru coada cu țepi, sau „thagomizer”, care ar fi putut fi folosită pentru apărare. Deși avea un cap și un creier mici în comparație cu dimensiunea corpului său, Stegosaurus putea crește până la 9 metri lungime. Cu aspectul său unic, a devenit unul dintre cei mai recunoscuți dinozauri din mass-media și muzee, adesea prezentat ca un gigant blând în cărți și filme. Romanian
69%
Stegosaurus och Tyrannosaurus rex levde under väldigt olika tidsperioder, med tiotals miljoner år mellan dem. Stegosaurus levde under sen juraperiod, för cirka 150 miljoner år sedan, medan T. rex levde mycket senare, under sen kritaperiod, för cirka 66 miljoner år sedan. Det betyder att det gick mer tid mellan Stegosaurus och T. rex än mellan T. rex och människor. Även om de ofta visas tillsammans i filmer och leksaker, har de aldrig samexisterat. Swedish
67%
Spinosaurus var líklega eina risaeðlan sem aðlagað var að lífsstíl sem var hálf-vatnsleginn. Með langan krókódíl-líkan trýni, keilulaga tennur og fætur sem líktust spöðum veiddi hann líklega fisk í ám og vötnum. Frægasta einkenni hans var risastórt segl á bakinu, gert úr löngum broddum — vísindamenn deila enn um hvort það hjálpaði við sund, hitastjórnun eða sýningar. Icelandic
64%
A Deinocheirus az egyik legfurcsább dinoszaurusz volt, amelyet valaha találtak, kezdetben csak gigantikus karjairól ismertek. Amikor a tudósok végre felfedezték a teljes csontvázát, azt találták, hogy tevéhez hasonló púpos hátú, kacsaszerű csőrrel és hatalmas, vaskos lábakkal rendelkezik. Furcsa tulajdonságok keveréke miatt félig madárnak, félig dinoszaurusznak, félig szörnyetegnek tűnt. Hungarian
56%
Някои динозаври са имали пера. Учените са открили фосилни доказателства, че много тероподни динозаври, включително роднини на Ти-Рекс, са имали пера. Тези пера може да са им помагали с изолацията, демонстрацията на външния вид или дори с планерирането, преди птиците да развият способността да летят. Това откритие промени начина, по който си представяме динозаврите - от люспести влечуги до по-птицоподобни същества. Bulgarian
55%
小行星撞擊結束咗大部分恐龍嘅統治,亦都引發咗大規模嘅野火、海嘯同氣候混亂。呢個突然嘅事件極大地改變咗地球嘅環境,令到好多物種都生存唔到,為哺乳動物嘅崛起鋪路。 Cantonese
51%
Vārds “dinozaurs” nozīmē “briesmīga ķirzaka”, taču dinozauri patiesībā nav ķirzakas. Tie pieder pie atsevišķas rāpuļu grupas, kam attīstījās unikālas gurnu struktūras un iešanas stili, kas tos atšķir no mūsdienu rāpuļiem, piemēram, ķirzakām un čūskām. Šī atšķirība ir iemesls, kāpēc dinozauri varēja stāvēt vertikāli un pārvietoties efektīvāk nekā vairums mūsdienu rāpuļu. Latvian
44%
Nenavadni terizinozaver je imel kremplje, daljše od človeške roke. Ti ogromni, ukrivljeni kremplji so lahko dosegli dolžino do 1 metra! Čeprav je bil videti grozljiv, je bil ta dinozaver verjetno počasen rastlinojedec, ki je s kremplji pulil veje ali se branil – nenavadna kombinacija lastnosti. Slovenian
44%
დინოზავრის ნამარხები, კოპროლიტები, მეცნიერებს მათი კვების რაციონისა და ჩვევების შესახებ მინიშნებებს აძლევს. ამ უძველესი ექსკრემენტების შესწავლით მკვლევარებს შეუძლიათ თქვან, თუ რა მცენარეებს ან ცხოველებს იკვებებოდნენ დინოზავრები და როგორ მუშაობდა მათი საჭმლის მომნელებელი სისტემა. კოპროლიტები ზოგჯერ ძვლების ან მცენარეების ნატეხებსაც შეიცავს, რაც სახეობებს შორის ურთიერთქმედებაზე მიუთითებს. Georgian
42%
ဒိုင်နိုဆောများသည် အချိန်အတော်ကြာအောင် တည်ရှိနေခဲ့သည်။ ၎င်းတို့သည် Triassic ခေတ်နှောင်းပိုင်းမှ Cretaceous ခေတ်အဆုံးအထိ နှစ်ပေါင်း 165 သန်းကျော် နေထိုင်ခဲ့ကြသည်။ ဆိုလိုသည်မှာ ၎င်းတို့သည် မျိုးသုဉ်းခြင်းမပြုမီ ကာလအတန်ကြာ ရာသီဥတုနှင့် ပထဝီဝင်ဆိုင်ရာ ပြောင်းလဲမှုကြီးများကို လွတ်မြောက်ခဲ့ကြသည်ဟု ဆိုလိုသည်။ သူတို့၏ရှည်လျားသောစိုးစံမှုသည် ၎င်းတို့အား ကမ္ဘာသမိုင်းတွင် အအောင်မြင်ဆုံးတိရစ္ဆာန်အုပ်စုများထဲမှတစ်ခုဖြစ်စေသည်။ Burmese
40%
Dinosaurs wote hawakuwa na damu baridi kama wanyama watambaao wa kisasa. Utafiti wa hivi majuzi unapendekeza dinosauri nyingi zilikuwa na damu joto au zilikuwa na kimetaboliki mahali fulani kati ya wanyama watambaao na mamalia. Hii iliwasaidia kukaa hai na kukua haraka katika hali mbalimbali za hali ya hewa. Swahili
35%
Dinosaurier-Schanken ginn dacks a komesche Positiounen fonnt, heiansdo mat Klauen, déi festklemmen, oder mat oppene Mond. Dës "Doudspositiounen" kënnen doduerch entstoen, datt Muskelen sech nom Doud zesummenzéien oder duerch d'Aart a Weis, wéi Waasser a Sediment hir Kierper iwwer Millioune vu Joer beweegt hunn. D'Studium vun dëse Positiounen hëlleft Paläontologen ze verstoen, wéi Dinosaurier gestuerwe oder begruewe kënne sinn. Luxembourgish
22%
No matching quizzes found
Score Distribution
Percent of People with Each Score
Percentile by Number Answered
Your Score History
You have not taken this quiz